[Event "3rd Chinese Master Rapid Men"]
[Site "Shenzhen CHN"]
[Date "2013.08.01"]
[Round "7.4"]
[White "Xiu Deshun"]
[Black "Hou Yifan"]
[Result "1-0"]
[WhiteElo "2556"]
[BlackElo "2600"]

1.Nf3 Nf6 2.d4 e6 3.g3 b5 4.Bg2 Bb7 5.O-O d5 6.a4 b4 7.a5 Be7 8.c3 Na6 9.Qa4+ Qd7
10.Qb3 O-O 11.cxb4 Bxb4 12.Ne5 Qc8 13.Be3 Bd6 14.Nc3 c6 15.Rfc1 Nd7 16.Nd3 Nc7
17.Na4 Rb8 18.Qc2 Na6 19.Bf4 Bxf4 20.gxf4 Ba8 21.Qc3 Nc7 22.e3 f6 23.Kh1 Nb5
24.Qc2 Qc7 25.Bh3 Rbe8 26.Rg1 Nd6 27.Nac5 Nxc5 28.Nxc5 Qf7 29.Rg3 Ne4 30.Nxe4 dxe4
31.Rag1 g6 32.Bg2 e5 33.Bxe4 f5 34.Bg2 exf4 35.exf4 Re7 36.Re3 Rfe8 37.Rge1 Qf6
38.Qc5 Rxe3 39.Rxe3 Rxe3 40.fxe3 Qh4 41.Qc4+ Kg7 42.Qc3 Kh6 43.Qd2 Bb7 44.b4 Qe7
45.Qc3 Qd7 46.h3 Qe7 47.Kh2 a6 48.Qd2 Qe6 49.Qc3 Qe7 50.Kg1 Qe6 51.Bf3 Qe7
52.Kg2 Qe6 53.Kg3 g5 54.Qc5 gxf4+ 55.Kxf4 Kg6 56.Qe5 Qf7 57.h4 h5 58.Bxh5+  1-0

[Event "SportAccord Rapid Women 2013"]
[Site "Beijing CHN"]
[Date "2013.12.12"]
[Round "1.6"]
[White "Zhao Xue"]
[Black "Hou Yifan"]
[Result "1/2-1/2"]
[WhiteElo "2568"]
[BlackElo "2629"]

1.c4 c5 2.g3 Nc6 3.Bg2 g6 4.e3 Bg7 5.Ne2 e5 6.Nbc3 Nge7 7.a3 O-O 8.O-O d6
9.b4 Be6 10.d3 Qd7 11.Ne4 cxb4 12.axb4 Nxb4 13.Ba3 a5 14.Qd2 Nec6 15.N2c3 Qe7
16.Nd5 Qd8 17.Nxb4 axb4 18.Bxb4 Rxa1 19.Rxa1 Nxb4 20.Qxb4 d5 21.Nc5 e4 22.d4 b6
23.Nxe6 fxe6 24.Bh3 Kh8 25.Ra2 Rf6 26.Ra6 dxc4 27.Qxb6 Qxb6 28.Rxb6 e5 29.Rb4 exd4
30.exd4 c3 31.Rc4 Rf8 32.d5 Rd8 33.d6 Kg8 34.d7 Kf7 35.Rxe4 Rb8 36.Rc4 Bf6
37.Kg2 Rd8 38.Rc6 Be5 39.Kf3 Bd4 40.Rc4 Bf6 41.Ke4 Ke7 42.Kd5 h5 43.Re4+ Kf7
44.Kd6 Ra8 45.Rc4 Ra2 46.Be6+ Kg7 47.Rc7 Kh6 48.Rxc3 Rd2+ 49.Bd5 Rxf2 50.Rc8 Rxh2
51.Rf8 Bg5 52.Rh8+ Kg7 53.Rg8+ Kh7 54.Rf8 Rd2 55.Rf3 Rd1 56.Re3 Kh6 57.Re5 Bd8
58.Re8 Bg5 59.d8=Q Bxd8 60.Rxd8 Rd3 61.Ke6 Kg5 62.Rg8 Rxg3 63.Be4 Kf4 64.Bxg6 h4
65.Kf6 h3 66.Rh8 Rxg6+ 67.Kxg6 Kg3 68.Kf5 h2 69.Rg8+ Kf3 70.Rh8 Kg2 71.Rg8+ Kf3
72.Rh8  1/2-1/2

[Event "SportAccord Rapid Women 2013"]
[Site "Beijing CHN"]
[Date "2013.12.12"]
[Round "2.6"]
[White "Hou Yifan"]
[Black "Cmilyte,V"]
[Result "1/2-1/2"]
[WhiteElo "2629"]
[BlackElo "2514"]

1.e4 c5 2.Nf3 d6 3.d4 Nf6 4.Nc3 cxd4 5.Nxd4 g6 6.Be3 Bg7 7.f3 O-O 8.Qd2 Nc6
9.O-O-O d5 10.exd5 Nxd5 11.Nxc6 bxc6 12.Bd4 Bxd4 13.Qxd4 Qb6 14.Na4 Qc7 15.Bc4 Rd8
16.Bb3 Be6 17.Nc5 Nf4 18.Nxe6 Nxe6 19.Qe3 Nf4 20.g3 Nd5 21.Qe4 e6 22.a3 Rd7
23.Rd3 Rad8 24.Rhd1 Nb6 25.Rxd7 Rxd7 26.Rxd7 Qxd7 27.Qe5 Qe7 28.c3 Nd5 29.Kb1 Qb7
30.Ka2 Qb5 31.Qd6 Qb6 32.c4 c5 33.Qe5 Ne7 34.Ba4 Nf5 35.Qc3 a5 36.Qb3 Qc7
37.Qb5 Nd4 38.Qe8+ Kg7 39.Qa8 h5 40.Qe4 Qd6 41.Qa8 Qc7 42.Qe4 Qd6 43.Qa8 Qc7  1/2-1/2

[Event "SportAccord Rapid Women 2013"]
[Site "Beijing CHN"]
[Date "2013.12.12"]
[Round "3.4"]
[White "Ju Wenjun"]
[Black "Hou Yifan"]
[Result "0-1"]
[WhiteElo "2514"]
[BlackElo "2629"]

1.d4 e6 2.c4 Nf6 3.g3 d5 4.Nf3 dxc4 5.Bg2 Nc6 6.Qa4 Bb4+ 7.Bd2 Nd5 8.Bxb4 Nxb4
9.O-O a6 10.Ne5 Bd7 11.Nxc6 Nxc6 12.Qxc4 O-O 13.Nc3 Qe7 14.Rfd1 Rfd8 15.Rac1 Be8
16.e3 Na5 17.Qe2 Rac8 18.Ne4 Bb5 19.Qc2 b6 20.Nc3 Bc6 21.Bxc6 Nxc6 22.Qe2 Nb8
23.Ne4 h6 24.f4 c6 25.Nf2 a5 26.Nd3 Nd7 27.Rc2 Qd6 28.Rdc1 c5 29.b3 Rc7 30.Nb2 Rdc8
31.dxc5 Rxc5 32.Rxc5 Rxc5 33.Nc4 Qc7 34.a4 Nf6 35.Rd1 Rd5 36.Rc1 Qc5 37.Qc2 Qb4
38.Kg2 Nd7 39.Qc3 Qc5 40.Rc2 Nf6 41.Ne5 Qe7 42.Qc8+ Kh7 43.Qb8 Rd8 44.Qxb6 Nd5
45.Qc5 Qb7 46.Kh3 Qxb3 47.Nxf7 Rd7 48.Ne5 Rc7 49.Qxc7 Nxc7 50.Rxc7 Qxa4 51.Ra7 Qb5
52.Nf3 Qf1+ 53.Kg4 h5+  0-1

[Event "SportAccord Rapid Women 2013"]
[Site "Beijing CHN"]
[Date "2013.12.12"]
[Round "4.2"]
[White "Hou Yifan"]
[Black "Koneru,H"]
[Result "1-0"]
[WhiteElo "2629"]
[BlackElo "2607"]

1.e4 e5 2.Nf3 Nc6 3.Bb5 a6 4.Ba4 Nf6 5.d3 b5 6.Bb3 Be7 7.O-O d6 8.c3 O-O
9.Re1 Na5 10.Bc2 c5 11.Nbd2 Nc6 12.Nf1 Nd7 13.Ne3 Nb6 14.h3 Be6 15.a3 Qc7
16.Bb3 c4 17.Bc2 Bf6 18.d4 Ne7 19.Ng4 Bxg4 20.hxg4 Ng6 21.Be3 Nd7 22.g3 Bd8
23.Kg2 Qb7 24.Rh1 Re8 25.g5 Bb6 26.Nh4 d5 27.Nf5 Re6 28.Qg4 Ndf8 29.Rh5 exd4
30.cxd4 dxe4 31.Rah1 Rae8 32.Qh3 f6 33.Rxh7  1-0

[Event "SportAccord Rapid Women 2013"]
[Site "Beijing CHN"]
[Date "2013.12.13"]
[Round "5.1"]
[White "Hou Yifan"]
[Black "Gunina,V"]
[Result "1/2-1/2"]
[WhiteElo "2629"]
[BlackElo "2509"]

1.e4 c6 2.d4 d5 3.Nc3 dxe4 4.Nxe4 Bf5 5.Ng3 Bg6 6.h4 h6 7.Nf3 Nd7 8.h5 Bh7
9.Bd3 Bxd3 10.Qxd3 e6 11.Bd2 Ngf6 12.O-O-O Be7 13.Kb1 O-O 14.Ne4 Nxe4 15.Qxe4 Nf6
16.Qe2 Qd5 17.Ne5 Rfd8 18.Rhe1 c5 19.c4 Qd6 20.g4 Nd7 21.Ba5 b6 22.Qf3 Bf6
23.Bc3 cxd4 24.Rxd4 Nxe5 25.Qxa8 Qxd4 26.Bxd4 Rxa8 27.Bxe5 Bxe5 28.Rxe5 Rc8
29.Re4 Kf8 30.Kc2 Ke7 31.Kc3 g6 32.hxg6 fxg6 33.Kd4 h5 34.gxh5 gxh5 35.Rh4 Rc5
36.b4 Rf5 37.f4 a5 38.a3 axb4 39.axb4 Rf8 40.Ke5 Rh8 41.Ke4 Kf6 42.c5 bxc5
43.bxc5 Ke7 44.Kf3 Kd7 45.Ke4 Kc6 46.Ke5 Rh6 47.f5 exf5 48.Kxf5 Kxc5 49.Kg5 Rh8
50.Rxh5 Rxh5+ 51.Kxh5  1/2-1/2

[Event "SportAccord Rapid Women 2013"]
[Site "Beijing CHN"]
[Date "2013.12.13"]
[Round "7.2"]
[White "Lagno,Kateryna"]
[Black "Hou Yifan"]
[Result "1/2-1/2"]
[WhiteElo "2543"]
[BlackElo "2629"]

1.e4 c5 2.Nf3 d6 3.d4 cxd4 4.Nxd4 Nf6 5.Nc3 Nc6 6.Bg5 e6 7.Qd2 a6 8.O-O-O Bd7
9.f3 Be7 10.Be3 b5 11.g4 Nxd4 12.Bxd4 b4 13.Ne2 e5 14.Be3 Qa5 15.g5 Nh5 16.Kb1 Be6
17.b3 Rd8 18.Ng3 Nf4 19.Qf2 Rb8 20.h4 O-O 21.Bxf4 exf4 22.Nh5 Qe5 23.Qd2 h6
24.Nxf4 hxg5 25.hxg5 Bxg5 26.Qh2 Bh6 27.Nxe6 Qxh2 28.Rxh2 fxe6 29.Rh3 Rb6
30.Bc4 Rf6 31.a3 bxa3 32.Ka2 Bf4 33.Kxa3 Be5 34.b4 Bc3 35.Rb1 Rc6 36.Bb3 Rb6
37.Bc4 Rc6 38.Bb3 Rb6 39.Bc4 Rc6  1/2-1/2

[Event "SportAccord Blitz Women 2013"]
[Site "Beijing CHN"]
[Date "2013.12.14"]
[Round "1.6"]
[White "Zhao Xue"]
[Black "Hou Yifan"]
[Result "1/2-1/2"]
[WhiteElo "2568"]
[BlackElo "2629"]

1.c4 b6 2.Nc3 Bb7 3.d4 Nf6 4.d5 e6 5.a3 Bd6 6.g3 O-O 7.Bg2 exd5 8.cxd5 Re8
9.Nh3 c5 10.O-O Bf8 11.e4 d6 12.f4 b5 13.Nf2 Qb6 14.Be3 a5 15.b4 axb4 16.axb4 Rxa1
17.Qxa1 Na6 18.bxc5 Nxc5 19.Rb1 b4 20.Qb2 b3 21.Na4 Nxa4 22.Bxb6 Nxb2 23.Rxb2 Nxd5
24.Bd4 Rc8 25.Bf3 Ne7 26.Rxb3 Bc6 27.Rc3 Bd7 28.Rxc8 Bxc8 29.Kg2 f6 30.Be2 Be6
31.Kf3 Kf7 32.Bb5 g6 33.Ke3 Bg7 34.Nd3 h5 35.Ba6 Nc6 36.Bc3 Bf8 37.Bb5 Ne7
38.Nb4 d5 39.exd5 Bxd5 40.Nxd5 Nxd5+ 41.Kd4 Nxc3 42.Kxc3 Bc5 43.h3 Bf2 44.g4 hxg4
45.hxg4 Bg3 46.f5 g5 47.Kd4 Ke7 48.Kd5 Be5 49.Bd3 Bf4 50.Be4 Be5 51.Bd3 Bf4
52.Be4  1/2-1/2

[Event "SportAccord Blitz Women 2013"]
[Site "Beijing CHN"]
[Date "2013.12.14"]
[Round "4.2"]
[White "Hou Yifan"]
[Black "Dzagnidze,N"]
[Result "1-0"]
[WhiteElo "2629"]
[BlackElo "2557"]

1.e4 c5 2.Nf3 e6 3.d4 cxd4 4.Nxd4 a6 5.Bd3 Nf6 6.O-O Qc7 7.Qe2 d6 8.c4 g6
9.Nc3 Bg7 10.Nf3 O-O 11.h3 Nc6 12.Rd1 Nd7 13.Bf4 Nde5 14.Rac1 Bd7 15.b3 Rac8
16.Bb1 Nxf3+ 17.Qxf3 Nd4 18.Qd3 Bc6 19.Be3 e5 20.Bxd4 exd4 21.Ne2 Rce8 22.f3 f5
23.exf5 Re3 24.Qd2 Bxf3 25.gxf3 Rxf3 26.Nxd4 Rxh3 27.Qg2 Rh5 28.Ne6 Qe7 29.Rf1 Be5
30.Rf3 Rf6 31.Rh3 Rxh3 32.Qxh3 gxf5 33.Bxf5 Qf7 34.Rf1 Kh8 35.Kh1 b5 36.Ng5 Qb7+
37.Be4 Rxf1+ 38.Qxf1 Qe7 39.Qf5 Bf6 40.Qxh7+ Qxh7+ 41.Nxh7 Be7 42.Kg2 bxc4
43.bxc4 Kg7 44.Kf3 Kf7 45.Kf4 Ke6 46.Ng5+ Kd7 47.Nf3 Bf6 48.Kf5 Bc3 49.Bd5 Bg7
50.Ng5 Be5 51.Nf7 Bd4 52.Ng5 Bc3 53.Ne4 Bd4 54.Kg6 Be5 55.Kf7 Bb2 56.Nf6+ Kc7
57.Ke6 Kb6 58.Ne4 Ka5 59.Kxd6  1-0

[Event "SportAccord Blitz Women 2013"]
[Site "Beijing CHN"]
[Date "2013.12.14"]
[Round "5.8"]
[White "Koneru,H"]
[Black "Hou Yifan"]
[Result "1-0"]
[WhiteElo "2607"]
[BlackElo "2629"]

1.d4 e6 2.Nf3 Nf6 3.c4 c5 4.e3 b6 5.Nc3 Bb7 6.Be2 d6 7.O-O g6 8.b3 Bg7 9.Bb2 O-O
10.Rc1 a6 11.Qc2 Qc7 12.Rfd1 Nbd7 13.h3 Rfe8 14.a3 Rac8 15.Qb1 Qb8 16.Qa1 cxd4
17.Nxd4 Nc5 18.b4 Ncd7 19.Qa2 Qa8 20.Bf1 d5 21.cxd5 Nxd5 22.Nxd5 Bxd5 23.Qa1 Qb7
24.Ne2 e5 25.Nc3 Be6 26.Be2 f5 27.Rd2 b5 28.Nd1 Rxc1 29.Qxc1 Nb6 30.Ba1 Nc4
31.Rc2 Bd5 32.Bf1 Rd8 33.a4 h6 34.axb5 axb5 35.Nc3 Be6 36.Nxb5 Qxb5 37.Bxc4 Bxc4
38.Rxc4 Qa4 39.Rc8 Rxc8 40.Qxc8+ Kh7 41.Qc3 Bf8 42.Qc7+ Kg8 43.Qc4+ Kh8 44.Bxe5+ Bg7
45.Qc8+ Kh7 46.Qc7  1-0

[Event "SportAccord Blitz Women 2013"]
[Site "Beijing CHN"]
[Date "2013.12.14"]
[Round "6.1"]
[White "Lagno,Kateryna"]
[Black "Hou Yifan"]
[Result "0-1"]
[WhiteElo "2543"]
[BlackElo "2629"]

1.e4 c5 2.Nf3 d6 3.d4 cxd4 4.Nxd4 Nf6 5.Nc3 g6 6.Be3 Bg7 7.f3 a6 8.Qd2 Nbd7
9.O-O-O b5 10.Kb1 Bb7 11.g4 Rc8 12.h4 Ne5 13.h5 Nxf3 14.Nxf3 Nxe4 15.Nxe4 Bxe4
16.Be2 Rxc2 17.Qxc2 Bxc2+ 18.Kxc2 Qc8+ 19.Kb1 Qxg4 20.Rh4 Qf5+ 21.Ka1 Qc2
22.Nd4 Bxd4 23.Bxd4 Qxe2 24.Rc1 O-O 25.hxg6 fxg6  0-1

[Event "SportAccord Blitz Women 2013"]
[Site "Beijing CHN"]
[Date "2013.12.14"]
[Round "7.8"]
[White "Hou Yifan"]
[Black "Cmilyte,V"]
[Result "1-0"]
[WhiteElo "2629"]
[BlackElo "2514"]

1.e4 c5 2.Nf3 d6 3.d4 Nf6 4.Nc3 cxd4 5.Nxd4 g6 6.Be2 Bg7 7.O-O O-O 8.Re1 Nc6
9.Nb3 b6 10.Bg5 h6 11.Bh4 Bb7 12.Bf1 Rc8 13.Nd5 e6 14.Nxf6+ Bxf6 15.Bxf6 Qxf6
16.c3 Rfd8 17.Qd2 Kg7 18.Qe3 Ne5 19.Rad1 Nc4 20.Bxc4 Rxc4 21.e5 dxe5 22.Rxd8 Qxd8
23.Qxe5+ Qf6 24.f3 Qxe5 25.Rxe5 Bd5 26.Nd4 Rc8 27.a3 Kf6 28.Re2 e5 29.Nc2 Bb3
30.Ne3 h5 31.Rd2 Ke7 32.Kf2 Rc5 33.h4 Rc8 34.g3 Rc7 35.Ng2 Rd7 36.Rxd7+ Kxd7
37.Ke3 Ke6 38.Ne1 Bc4 39.Nc2 a5 40.Kd2 f5 41.Ne3 Ba6 42.f4 e4 43.c4 Bb7 44.b4 Kd6
45.Kc3 axb4+ 46.axb4 Bc6 47.Kd4 Ba8 48.Nd1 Bc6 49.Nc3 Ke6 50.b5 Be8 51.Na4 Kd6
52.Nxb6 e3 53.Kxe3 Kc5 54.Nd5 Kxc4 55.b6 Bc6 56.Ne7 Be4 57.Nxg6 Kc5 58.Ne5 Kxb6
59.Nd7+  1-0

[Event "SportAccord Blitz Women 2013"]
[Site "Beijing CHN"]
[Date "2013.12.15"]
[Round "12.4"]
[White "Cramling,P"]
[Black "Hou Yifan"]
[Result "0-1"]
[WhiteElo "2525"]
[BlackElo "2629"]

1.d4 Nf6 2.Nf3 e6 3.c4 c5 4.e3 b6 5.Nc3 Bb7 6.Bd3 d6 7.O-O Nbd7 8.b3 a6 9.Bb2 g6
10.d5 exd5 11.Nxd5 Bxd5 12.cxd5 Bg7 13.e4 O-O 14.h3 b5 15.Re1 Rb8 16.Bc2 Re8
17.a4 Nh5 18.Bxg7 Kxg7 19.axb5 axb5 20.Ra7 Ne5 21.Nxe5 Rxe5 22.Bd3 Qe8 23.Qa1 Kg8
24.Qa6 Nf4 25.Bf1 Qd8 26.Bxb5 Qg5 27.g3 Nxh3+ 28.Kg2 Nf4+ 29.Kg1 Rd8 30.Qb7 Rf8
31.Bf1 Nxd5 32.Qb5 Nf6 33.Qd3 Qg4 34.Bg2 Re6 35.Ra6 d5 36.Rxe6 Qxe6 37.e5 d4
38.Qb5 Nd7 39.f4 Rb8 40.Qc6 Qxc6 41.Bxc6 Nf8 42.Bd5 Ne6 43.Bc4 Ra8 44.Re2 Ra1+
45.Kg2 h5 46.Kf3 Kf8 47.Rd2 Ke7 48.Ke4 Rg1 49.Kf3 Re1 50.Re2 Rc1 51.Rd2 Rh1
52.Kg2 Rc1 53.Kf3 Nd8 54.Ra2 Rc3+ 55.Kf2 Ne6 56.Ra7+ Kf8 57.Ra8+ Ke7 58.Ra7+ Ke8
59.Ra8+ Nd8 60.Rc8 Rc2+ 61.Kf3 Rc3+ 62.Kf2 d3 63.Ke3 d2+ 64.Kxd2 Rxg3 65.Rxc5 h4
66.Bd5 h3 67.Rc3 Rxc3 68.Kxc3 Ne6 69.f5 Nf4 70.Bh1 gxf5 71.Kd2 Kd7 72.Ke3 Ng6
73.Kf3 f4 74.Kg4 h2 75.Kh3 Nxe5 76.Kxh2 Ke6 77.Kg2 Kf5 78.Kf2 Kg4 79.Bd5 f3
80.b4 Kf4 81.b5 Ng4+ 82.Kf1 Ne3+ 83.Kf2 Nxd5  0-1

[Event "SportAccord Blitz Women 2013"]
[Site "Beijing CHN"]
[Date "2013.12.15"]
[Round "13.5"]
[White "Hou Yifan"]
[Black "Ju Wenjun"]
[Result "1/2-1/2"]
[WhiteElo "2629"]
[BlackElo "2514"]

1.e4 c5 2.Nf3 d6 3.d4 cxd4 4.Nxd4 Nf6 5.Nc3 a6 6.Be3 Ng4 7.Bg5 h6 8.Bh4 g5
9.Bg3 Bg7 10.h3 Nf6 11.Qf3 Qb6 12.O-O-O Nc6 13.Nxc6 Qxc6 14.Be2 Qc5 15.Rhe1 Be6
16.e5 dxe5 17.Bd3 Nd7 18.Bf5 Bxf5 19.Qxf5 Qc6 20.Ne4 Rc8 21.c3 e6 22.Qf3 O-O
23.Nxg5 Nc5 24.Qxc6 Rxc6 25.Ne4 Nxe4 26.Rxe4 f5 27.Rb4 Rf7 28.f3 Kh7 29.Re1 Rc5
30.Rb6 e4 31.Rxe6 f4 32.Bh4 e3 33.g3 Re5 34.Rxe5 Bxe5 35.gxf4 Bxf4 36.Kc2 Rd7
37.Re2 Kg6 38.Be1 Kf5 39.c4 Bg5 40.h4 Bf4 41.Ba5 Rd4 42.b3 Rd6 43.Bb4 Rc6
44.Bc3 Rd6 45.Bb4 Rc6 46.Kd3 Rc7 47.Ba5 Rd7+ 48.Kc2 Rd6 49.Bc7 Rg6 50.Ba5 Rg3
51.c5 Rxf3 52.Kd3 Rf1 53.Re1 Rf2 54.Re2 Rf1 55.Re1 Rf2 56.Re2 Rf1 57.Re1 Rf2
58.Re2 Rf1 59.Re1 Rf2 60.Re2 Rf1 61.Re1 Rf2 62.Re2 Rf1 63.Re1 Rf2 64.Re2  1/2-1/2

[Event "SportAccord Blitz Women 2013"]
[Site "Beijing CHN"]
[Date "2013.12.15"]
[Round "14.5"]
[White "Paehtz,E"]
[Black "Hou Yifan"]
[Result "0-1"]
[WhiteElo "2452"]
[BlackElo "2629"]

1.b3 b6 2.Bb2 Bb7 3.e3 Nf6 4.f4 g6 5.Bxf6 exf6 6.Nf3 f5 7.Nc3 Bg7 8.d4 d6
9.Bc4 Nd7 10.Qe2 Qe7 11.Nd5 Qd8 12.Nc3 a6 13.a4 O-O 14.O-O h6 15.Rae1 Nf6
16.Qd2 Qe7 17.d5 c5 18.dxc6 Bxc6 19.Nd4 Bb7 20.h3 Rfe8 21.Kh2 Rac8 22.Nf3 d5
23.Nxd5 Nxd5 24.Bxd5 Bc3 25.Qd3 Bxd5 26.Qxd5 Bxe1 27.Rxe1 Rxc2 28.Ne5 Rc5
29.Qd3 Qb7 30.h4 Qe7 31.Kh3 Rxe5 32.fxe5 Qxe5 33.g3 a5 34.Kg2 Rc8 35.Re2 Kg7
36.Kf3 Rc3 37.Qd8 Rxb3 38.h5 g5 39.Kf2 Qe4 40.Qd6 g4 41.Qf4 Rb4 42.Qd6 Qf3+
43.Ke1 Rb1+  0-1

[Event "SportAccord Blitz Women 2013"]
[Site "Beijing CHN"]
[Date "2013.12.15"]
[Round "15.4"]
[White "Hou Yifan"]
[Black "Gunina,V"]
[Result "1-0"]
[WhiteElo "2629"]
[BlackElo "2509"]

1.e4 c6 2.d4 d5 3.Nc3 dxe4 4.Nxe4 Bf5 5.Ng3 Bg6 6.h4 h6 7.Nf3 Nd7 8.h5 Bh7
9.Bd3 Bxd3 10.Qxd3 e6 11.Bd2 Ngf6 12.O-O-O Be7 13.Kb1 O-O 14.Ne4 Nxe4 15.Qxe4 Nf6
16.Qe2 Qd5 17.Ne5 Rfd8 18.Rhe1 c5 19.c4 Qd6 20.g4 cxd4 21.g5 hxg5 22.Bxg5 Nd7
23.Nxf7 Kxf7 24.Rxd4 Qb6 25.Bxe7 Kxe7 26.Qg4 Rg8 27.Rde4 e5 28.Rxe5+ Nxe5
29.Rxe5+ Kd8 30.Rd5+ Kc7 31.Qf4+ Kc8 32.Qf7 Rd8 33.Qf5+ Kb8 34.Qe5+ Kc8 35.Rc5+ Qxc5
36.Qxc5+ Kd7 37.Qd4+ Kc6 38.Qxg7 Rd1+ 39.Kc2 Rad8 40.Qg6+ Kc7 41.Qg3+ Kb6
42.Qe3+ Ka6 43.h6 R1d4 44.Kc3 Rh4 45.Qg5 Rh3+ 46.Kc2 Rd6 47.Qb5+  1-0

[Event "SportAccord Blitz Women 2013"]
[Site "Beijing CHN"]
[Date "2013.12.15"]
[Round "16.6"]
[White "Hou Yifan"]
[Black "Zhao Xue"]
[Result "1-0"]
[WhiteElo "2629"]
[BlackElo "2568"]

1.e4 e5 2.Nf3 Nc6 3.Bb5 Nf6 4.O-O Nxe4 5.d4 Nd6 6.Bxc6 dxc6 7.dxe5 Nf5 8.Qxd8+ Kxd8
9.Nc3 Bd7 10.Rd1 Kc8 11.h3 h6 12.b3 b6 13.Bb2 Ne7 14.Ne2 Ng6 15.Rd2 c5 16.c4 Bc6
17.Ne1 Kb7 18.f4 Re8 19.Rad1 h5 20.Rd8 h4 21.Rxe8 Bxe8 22.Nf3 Bc6 23.Ng5 Be8
24.f5 Be7 25.Ne4 Bc6 26.fxg6 Bxe4 27.gxf7 Kc6 28.e6 Rh6 29.Nf4 g5 30.Nd5 Bxd5
31.cxd5+ Kd6 32.Bg7  1-0

[Event "SportAccord Blitz Women 2013"]
[Site "Beijing CHN"]
[Date "2013.12.15"]
[Round "19.2"]
[White "Dzagnidze,N"]
[Black "Hou Yifan"]
[Result "0-1"]
[WhiteElo "2557"]
[BlackElo "2629"]

1.c4 c5 2.Nc3 b6 3.Nf3 Bb7 4.d3 g6 5.g3 Bg7 6.Bg2 Nf6 7.O-O O-O 8.e4 d6 9.Be3 Nc6
10.h3 Nd7 11.Qd2 Nde5 12.Ne1 Nd4 13.f4 Nec6 14.f5 Ne5 15.Nc2 gxf5 16.Bxd4 cxd4
17.Nxd4 fxe4 18.Nf5 e3 19.Qxe3 Bxg2 20.Kxg2 e6 21.Nxg7 Kxg7 22.b3 Qe7 23.d4 Ng6
24.Rae1 Rae8 25.Kh2 f5 26.Rf2 Rf7 27.Qd3 Qd7 28.Ref1 Ref8 29.Ne2 Qe7 30.Nf4 Nxf4
31.Rxf4 Qg5 32.Qe2 Rf6 33.R4f3 R8f7 34.Re3 Rg6 35.h4 Qf6 36.Qd3 Rg4 37.Qe2 Rg6
38.Qd3 Rg4 39.Qe2 Rg6 40.Qd3 e5 41.dxe5 dxe5 42.Qd5 f4 43.Ref3 Rxg3  0-1

[Event "SportAccord Blitz Women 2013"]
[Site "Beijing CHN"]
[Date "2013.12.15"]
[Round "20.8"]
[White "Hou Yifan"]
[Black "Koneru,H"]
[Result "1-0"]
[WhiteElo "2629"]
[BlackElo "2607"]

1.e4 e5 2.Nf3 Nc6 3.Bc4 Bc5 4.c3 Nf6 5.d3 O-O 6.Bb3 d5 7.Qe2 Re8 8.Bg5 dxe4
9.dxe4 Be6 10.Nbd2 h6 11.Bh4 Bxb3 12.axb3 Be7 13.O-O Nh5 14.Bxe7 Qxe7 15.g3 Nf6
16.b4 a6 17.Nb3 Nd7 18.Rfd1 Qe6 19.Rd5 Ne7 20.Nc5 Nxc5 21.Rxe5 Qg6 22.Rxc5 Nc6
23.Re1 Rad8 24.Nh4 Qf6 25.b5 axb5 26.Qxb5 Ne5 27.Rxc7 g5 28.f4 Nd3 29.Re3 gxh4
30.Rxd3 Kg7 31.Rxd8 Rxd8 32.Qe5 Qxe5 33.fxe5 Rd1+ 34.Kg2 Rd2+ 35.Kh3 hxg3
36.hxg3 Rxb2 37.e6 Kf8 38.exf7 b5 39.Kg4 Rf2 40.e5 Re2 41.Kf5  1-0

[Event "SportAccord Blitz Women 2013"]
[Site "Beijing CHN"]
[Date "2013.12.16"]
[Round "21.1"]
[White "Hou Yifan"]
[Black "Lagno,Kateryna"]
[Result "1/2-1/2"]
[WhiteElo "2629"]
[BlackElo "2543"]

1.e4 e5 2.Nf3 Nc6 3.Bb5 a6 4.Ba4 d6 5.c3 Bd7 6.d4 g6 7.O-O Bg7 8.Re1 b5 9.Bb3 Nf6
10.Bg5 h6 11.Bh4 O-O 12.dxe5 Nxe5 13.Nbd2 Qe7 14.Qe2 c5 15.Nxe5 dxe5 16.Bd5 Rad8
17.Bxf6 Bxf6 18.c4 Bg5 19.Nf1 h5 20.Ne3 Bxe3 21.Qxe3 bxc4 22.Bxc4 Be6 23.Bxa6 Ra8
24.Qe2 Rfb8 25.b3 Rb4 26.h3 Qa7 27.Bd3 Rd4 28.Rec1 Rad8 29.Rc3 Qa3 30.Bc4 Rd2
31.Qe3 Qb2 32.Rf1 Bxc4 33.Rxc4 Qxa2 34.Rxc5 R2d3 35.Qg5 Qxb3 36.Qxe5 Rd2
37.Qf4 Qe6 38.Rc7 Re2 39.Qf3 Rdd2 40.e5 Rxe5 41.Qc3 Rd8 42.Rc1 Re8 43.Rc8 Rxc8
44.Qxc8+ Qxc8 45.Rxc8+ Kg7 46.h4 Re4 47.g3 Rd4 48.Kg2 Rd2 49.Kf3 Ra2 50.Kg2 Rb2
51.Kf3 Ra2  1/2-1/2

[Event "SportAccord Blitz Women 2013"]
[Site "Beijing CHN"]
[Date "2013.12.16"]
[Round "27.4"]
[White "Hou Yifan"]
[Black "Cramling,P"]
[Result "1-0"]
[WhiteElo "2629"]
[BlackElo "2525"]

1.e4 c5 2.Nf3 a6 3.g3 g6 4.Bg2 Bg7 5.c3 d5 6.exd5 Qxd5 7.d4 Nf6 8.O-O cxd4
9.cxd4 O-O 10.Nc3 Qh5 11.Ne5 Qxd1 12.Rxd1 Nbd7 13.Na4 Ra7 14.Be3 Re8 15.Rac1 Ra8
16.Rc7 Nxe5 17.dxe5 Ng4 18.Bc5 Bxe5 19.Rxe7 Be6 20.Bxb7 Rad8 21.Rxe8+ Rxe8
22.b3 a5 23.h3 Nf6 24.Kg2 Bf5 25.Bb6 Rb8 26.Rd8+ Rxd8 27.Bxd8 Bb1 28.a3 Bc2
29.Nc5 Bc3 30.Bc6 Kg7 31.g4 h6 32.Ba4 Bd4 33.Be7 Nd5  1-0

[Event "SportAccord Blitz Women 2013"]
[Site "Beijing CHN"]
[Date "2013.12.16"]
[Round "28.5"]
[White "Ju Wenjun"]
[Black "Hou Yifan"]
[Result "1-0"]
[WhiteElo "2514"]
[BlackElo "2629"]

1.d4 e6 2.Nf3 Nf6 3.g3 b6 4.Bg2 Bb7 5.O-O Be7 6.c4 O-O 7.b3 c5 8.e3 cxd4
9.exd4 d5 10.Bb2 dxc4 11.bxc4 Nc6 12.Qe2 Qc7 13.Nbd2 Rad8 14.Rac1 Rfe8 15.Rfd1 h6
16.Nf1 Qb8 17.Ne3 Ba6 18.Qc2 Bb7 19.Re1 Bb4 20.Red1 Bd6 21.d5 Ne5 22.Nxe5 Bxe5
23.Bxe5 Qxe5 24.dxe6 Bxg2 25.exf7+ Kxf7 26.Kxg2 Qe6 27.Qe2 Rd7 28.Rxd7+ Qxd7
29.Rd1 Qa4 30.Rd4 Re7 31.Qf3 Qa3 32.Rd8 Qc3 33.Qf4 Qe5 34.Qf3 Qe4 35.Qxe4 Rxe4
36.Kf3 Re5 37.Rd2 Ra5 38.g4 Ke6 39.h3 g6 40.Re2 Ra3 41.Kf4 Kd6 42.h4 h5 43.Kg5 Nxg4
44.Nxg4 hxg4 45.Kxg6 Rf3 46.h5 g3 47.fxg3 Rxg3+ 48.Kh7 Kc5 49.Rc2 a5 50.h6 a4
51.Kh8 Rg4 52.h7 Rg3 53.Rb2 Rg6 54.a3 Kxc4 55.Rb4+ Kc3 56.Rxa4 Kb3 57.Ra7 b5
58.Rg7 Rh6 59.Rg3+ Ka4 60.Kg7  1-0

[Event "SportAccord Blitz Women 2013"]
[Site "Beijing CHN"]
[Date "2013.12.16"]
[Round "30.4"]
[White "Gunina,V"]
[Black "Hou Yifan"]
[Result "0-1"]
[WhiteElo "2509"]
[BlackElo "2629"]

1.d4 e6 2.c4 Nf6 3.Nc3 Bb4 4.Qc2 O-O 5.Nf3 d5 6.cxd5 exd5 7.Bg5 h6 8.Bh4 c5
9.dxc5 Be6 10.e3 Bxc5 11.Be2 Nc6 12.O-O Be7 13.Rfd1 Qa5 14.a3 Rfd8 15.b4 Qc7
16.Bg3 Qd7 17.e4 Rac8 18.Bb5 a6 19.Ne5 Nxb4 20.Bxd7 Nxc2 21.Bxc8 Rxc8 22.exd5 Nxa1
23.dxe6 fxe6 24.Ne2 Nb3 25.Rb1 Nc5 26.Ng6 Kf7 27.Ne5+ Ke8 28.f3 Nfd7 29.Ng6 Kf7
30.Nxe7 Kxe7 31.Nd4 b5 32.Rd1 Nb6 33.Be5 Kf7 34.Bd6 Nc4 35.Bg3 Rd8 36.Bf2 e5  0-1

[Event "SportAccord Basque Women 2013"]
[Site "Beijing CHN"]
[Date "2013.12.17"]
[Round "3.1"]
[White "Zhao Xue"]
[Black "Hou Yifan"]
[Result "1-0"]
[WhiteElo "2568"]
[BlackElo "2629"]

1.c4 Nf6 2.g3 e6 3.Nf3 b6 4.Bg2 Bb7 5.O-O c5 6.b3 Be7 7.Bb2 O-O 8.e3 d5 9.Nc3 dxc4
10.bxc4 Nc6 11.Qe2 a6 12.Rad1 Qc7 13.Ne1 Rad8 14.f4 Rd7 15.g4 Rfd8 16.g5 Ne8
17.a3 Nd6 18.Nf3 Bf8 19.Ba1 Na5 20.Ne5 Bxg2 21.Qxg2 Ndxc4 22.Nxd7 Qxd7 23.Ne4 Qa4
24.Qf3 Nxa3 25.h4 Nb3 26.Bf6 Rd3 27.Kh1 Nc4 28.Bc3 Nd6 29.Nf2 Rd5 30.e4 Rd4
31.Bxd4 Nxd4 32.Qd3 Qc6 33.Rc1 N6b5 34.Ng4 a5 35.h5 a4 36.Rc4 Qa8 37.Re1 a3
38.Rcc1 Bd6 39.Qg3 a2 40.h6 Qa3 41.Qxa3 Nxa3 42.e5 Bf8 43.hxg7 Kxg7 44.Ra1 Nac2
45.Rec1 Nxa1 46.Rxa1 Ne2 47.Rxa2 Nxf4 48.Ra8 Nh3 49.Nf6 Nxg5 50.Nd7 Nf3 51.Nxf8 Nxe5
52.Rd8 Kf6 53.Nxh7+ Kf5 54.Kg2 b5 55.Kf2 b4 56.Ke2 b3 57.Rg8 Nc6 58.Kd3 Ne5+
59.Kc3 c4 60.Ng5 f6 61.Nh3 Ke4 62.Nf2+ Kf3 63.Nd1 Ke2 64.Nb2 Nf3 65.Nxc4 e5
66.Rf8 b2 67.Kxb2 Kd3 68.Kb3 f5 69.Rd8+ Nd4+ 70.Kb4 Ke4 71.d3+ Kxd3 72.Nxe5+ Ke4
73.Re8 Kd5 74.Nd3 Ne6 75.Kc3 f4 76.Kd2 Kd6 77.Ke2 Kd7 78.Ra8  1-0

[Event "SportAccord Basque Women 2013"]
[Site "Beijing CHN"]
[Date "2013.12.17"]
[Round "3.2"]
[White "Hou Yifan"]
[Black "Zhao Xue"]
[Result "1-0"]
[WhiteElo "2629"]
[BlackElo "2568"]

1.e4 e5 2.Nf3 Nc6 3.Bc4 Bc5 4.O-O Nf6 5.d3 O-O 6.h3 Re8 7.c3 a6 8.Bb3 Bf8
9.Ng5 Re7 10.f4 d6 11.Nf3 Be6 12.Bc2 Re8 13.d4 exd4 14.cxd4 d5 15.e5 Ne4
16.Nc3 f5 17.exf6 Nxf6 18.Ne5 Nb4 19.Ba4 b5 20.Bb3 c5 21.a3 c4 22.axb4 cxb3
23.f5 Bc8 24.Qxb3 Bb7 25.Bf4 Qb6 26.Rad1 Rac8 27.Kh1 Qd8 28.Nd3 Rc4 29.Be5 Ne4
30.Nxe4 dxe4 31.f6 Re6 32.Nc5 Rb6 33.Qg3 Rxf6 34.Bxf6 Qc8 35.Nxb7 Qxb7 36.d5  1-0

[Event "SportAccord Basque Women 2013"]
[Site "Beijing CHN"]
[Date "2013.12.18"]
[Round "4.2"]
[White "Ju Wenjun"]
[Black "Hou Yifan"]
[Result "0-1"]
[WhiteElo "2514"]
[BlackElo "2629"]

1.d4 Nf6 2.c4 e6 3.g3 d5 4.Nf3 dxc4 5.Bg2 a6 6.O-O Nc6 7.Nbd2 Nxd4 8.Nxc4 Nxf3+
9.Bxf3 Be7 10.Qc2 O-O 11.Rd1 Qe8 12.Bf4 Nd5 13.Bxc7 Qc6 14.Be5 b5 15.Bxd5 exd5
16.Ne3 Qxc2 17.Nxc2 f6 18.Bd4 Be6 19.Ne3 Rac8 20.Rac1 Kf7 21.f4 g6 22.Kf2 h5
23.a3 b4 24.axb4 Bxb4 25.Rc2 Rxc2 26.Nxc2 Be7 27.Ra1 Rc8 28.Ne3 Rc6 29.Ra4 Bd6
30.Nd1 Bd7 31.Ra1 Rc4 32.Ke3 Rc6 33.Nc3 Be6 34.Kd3 Bf5+ 35.Ke3 Be6 36.Kd3 Bb4
37.e3 Bf5+ 38.Kd2 Ke6 39.Ke2 Be4 40.Kd2 Kf5 41.Ke2 Kg4 42.Kf2 Kh3 43.Kg1 h4
44.gxh4 Kxh4 45.Kf2 Kh3 46.Kg1 Kg4 47.Kf2 Kf5 48.Kg3 a5 49.Kf2 Rc8 50.Kg3 Rc4
51.Kf2 Ke6 52.Kg3 Bf5 53.Kf2 Rc8 54.Kg3 g5 55.Ra2 Rg8 56.fxg5 fxg5 57.Ra1 Rg6
58.Kg2 Rh6 59.Ra2 Bh3+ 60.Kg1 Rh4 61.Ne2 Kf5 62.Ng3+ Kg4 63.Bc3 Kf3 64.Bd4 Rh6
65.b3 Be1 66.Nf1 Rc6 67.Ra1 Bf2+  0-1